ბათუმის შოთა რუსთაველის სახელმწიფო უნივერსიტეტის ბიბლიოთეკა

ბარათაშვილი:ამძივული ტრაგედია. (ბიბ.ჩანაწერი № 40769)

000 -LEADER
fixed length control field 00648nam a2200205Ia 4500
001 - CONTROL NUMBER
control field 7408
003 - CONTROL NUMBER IDENTIFIER
control field GE_BSU
008 - FIXED-LENGTH DATA ELEMENTS--GENERAL INFORMATION
fixed length control field 181216s||||||||xx |||||||||||||| ||und||
040 ## - CATALOGING SOURCE
Transcribing agency GE_BSU
080 ## - UNIVERSAL DECIMAL CLASSIFICATION NUMBER
Universal Decimal Classification number 821.353.1-21
100 ## - MAIN ENTRY--PERSONAL NAME
Personal name დადიანი,შალვა.
245 ## - TITLE STATEMENT
Title ბარათაშვილი:ამძივული ტრაგედია.
245 ## - TITLE STATEMENT
Statement of responsibility, etc. რედ:ალ.მაშაშვილი.
260 ## - PUBLICATION, DISTRIBUTION, ETC.
Place of publication, distribution, etc. თბილისი.
260 ## - PUBLICATION, DISTRIBUTION, ETC.
Name of publisher, distributor, etc. სახელგამი.
260 ## - PUBLICATION, DISTRIBUTION, ETC.
Date of publication, distribution, etc. 1939.
300 ## - PHYSICAL DESCRIPTION
Extent 135გვ;17სმ.
653 ## - INDEX TERM--UNCONTROLLED
Uncontrolled term ბარათაშვილი ნიკოლოზ.
942 ## - ADDED ENTRY ELEMENTS (KOHA)
Koha item type წიგნი

არაა ხელმისაწვდომი ეგზემპლარები.